Normal view
MARC view
Entry Personal Name
001 - CONTROL NUMBER
- control field: 41568
003 - CONTROL NUMBER IDENTIFIER
- control field: dpl
005 - DATE AND TIME OF LATEST TRANSACTION
- control field: 20120211095830.0
008 - FIXED-LENGTH DATA ELEMENTS
- fixed length control field: 120211|||a|||||| | ||| d
040 ## - CATALOGING SOURCE
- Original cataloging agency: dpl
- Transcribing agency: dpl
100 ## - HEADING--PERSONAL NAME
- Personal name: मनोज कुमार सिंह
670 ## - SOURCE DATA FOUND
- Source citation: Work cat.: (dpl)1307: आर गुप्ता कृत यू.जी.सी.जूनियर रिसर्च फैलोशिप तथा लैक्चरशिप परीक्षा,भूगोल पेपर 11 तथा 111, 2008
670 ## - SOURCE DATA FOUND
- Source citation: Work cat.: (dpl)1307: आर गुप्ता कृत यू.जी.सी.जूनियर रिसर्च फैलोशिप तथा लैक्चरशिप परीक्षा,भूगोल पेपर 11 तथा 111, 2008
